1573 1204 1110 1911 1477 1632 1271 1952 1490 1597 1356 1878 1599 1057 1984 1452 1216 1202 1378 1189 1467 1309 1574 1840 1614 1015 1726 1812 1894 1303 1962 1434 1410 1504 1749 1643 1516 1955 1214 1153 1232 1798 1062 1284 1479 1833 1342 1618 1904 1541 1817 1869 1137 1422 1619 1179 1745 1809 1587 1763 1680 1506 1863 1775 1247 1418 1500 1396 1111 1990 1395 1581 1146 1947 1483 1800 1304 1185 1430 1933 1276 1740 1639 1414 1956 1481 1573 1490 1453 1452 1145 1099 1557 1616 1244 1664 1900 1296 1541 BCNSPRNW ULIB Ver.6.0+V

เปลี่ยนเป็นภาษาไทย

Change to English
 แสดงรายละเอียดบรรณานุกรม
  กลับหน้าหลัก

Brief Record : Get Marc (ISO 2709) : E-mail record : QR code < ปิดหน้าต่าง
LEADER : 00000nam 2200000uu 4500
001    13399120164
003     ULIB
008    120905s2543||||th 000 0 tha d
020    ^a9742935408
060  4 ^aWY105^bม121ร
100 0  ^aมณฑาทิพย์ ไชยศักดิ์
245 10 ^aระเบียบวิธีการสอนการพยาบาลในคลินิก /^cมณฑาทิพย์ ไชยศักดิ์
250    ^aพิมพ์ครั้งที่ 1
260    ^aนนทบุรี :^bโครงการสวัสดิการวิชาการ สถาบันพระบรมราชชนก,^c2543
300    ^a102 หน้า
650  7 ^aการพยาบาล^xการศึกษาและการสอน
710 2  ^aสถาบันพระบรมราชชนก.^bโครงการสวัสดิการวิชาการ
945    ^p100^l0^i032780
945    ^p100^l0^i032781
995    ^aทศพร
999    ^aทศพร
รายการนี้ยังไม่มีแท็ก
คุณยังไม่ได้ล็อกอิน คุณสามารถมีกิจกรรมร่วมกับเว็บไซต์ได้ แต่ต้องล็อกอินก่อน ::
  ล็อกอิน

รายการสื่อสารสนเทศ

ลำดับที่ ประเภท เลขเรียก/บาร์โค้ด สถานที่ สถานะ
- ไม่พบข้อมูล -

รายการใกล้เคียง
    ผู้แต่ง [มณฑาทิพย์ ไชยศักดิ์]

BibComment


ยังไม่เคยถูกคอมเมนท์

คอมเมนท์ทรัพยากรรายการนี้
  คอมเมนท์: ระเบียบวิธีการสอ..


 Copyright 2026. Bcnsprnw @Library